[Event "SuperGM"]
[Site "Linares ESP"]
[Date "2002.03.03"]
[Round "8"]
[White "Anand, Viswanathan"]
[Black "Shirov, Alexei"]
[Result "1-0"]
[WhiteElo "2757"]
[BlackElo "2715"]
[Annotator "Hathaway, Mark"]

1. e4
{ Going into this game Anand stands in last place by himself. This is uncharacteristic. Also, Kasparov has the lead by himself and this is characteristic. It's a slender lead of only one-half point over the next five (5!) tied players. A win by either player puts him into contention and severely hurts the other player's chances. }
1...c5 2. Nf3 Nc6 3. d4 cxd4 4. Nxd4 e5
{ It's curious Shirov would play this only a round after Ponomariov did the same versus Anand (result, a draw) . }
5. Nb5 d6 6. N1c3
{ But, Anand varies; not repeating 6. c4 from the earlier game. White threatens Nc3-d5, Nb5-c7+. }
6...a6 7. Na3 b5
{ As in a Sveshnikov Black threatens ...b5-b4 and uses Pb5 to prevent Na3-c4-e3. }
8. Nd5
{ After this White might intend Bc1-e3-b6 followed by Nd5-c7+. But, Black won't leave Nd5 unchallenged. }
8...Nf6 ( 8...Nge7 
{ is probably more in keeping with the idea of the Kalashnikov }
 ) 9. c4
{ This is different from the c2-c4 he played against Ponomariov. In this situation the pawn is almost assured of being exchanged for Pb5. In any case it makes sense to support Nd5 and doing it with this threat to Pb5 is useful. Of course, he had to calculate the effects of 9...Nxe4 10. cxb5 Qa5+. }
 ( 9. Bg5 Qa5+ 10. Bd2 ) 9...b4 ( 9...Nxe4 $4 10. cxb5 Qa5+ 11. Bd2 Nxd2 12. Qxd2 Qxd2+ 13. Kxd2 $18 
{ because of the threat to Nc6 and Nd5-c7+ to win Ra8 }
 ) 10. Nxf6+
{ ending the threat to Pe4 and gaining time to move Na3 }
10...Qxf6
{ Though this leaves d5 weak Black can use it as an opportunity to do some damage on the king-side; usually Black doesn't get the queen out in front until much later in the middle-game. }
11. Nc2 Qg6 $5
{ This creates an opportunity for White to show d5 isn't sufficiently guarded, or to be more precise that d5 and all of Black's queen-side is weak. }
 ( 11...Be6 ) 12. Qd5 Bb7 13. Nxb4 Rc8 ( 13...Nxb4 $4 14. Qxb7 Nc2+ 15. Kd1 Rd8 16. Kxc2 $18 ) 14. Be3 Be7 15. h4
{ avoiding ...Be7-g5xe3 }
15...O-O
{ After this Rc8 is defended, so that ... Nc6xb4 is a real threat. Any move such as ...Nc6-d8 also uncovers a strong threat to Pe4. }
16. h5
{ attempting to kick Qg6 off Pe4 }
16...Qg4 17. f3 Qg3+ 18. Kd1
{ I suppose he had his choice of chasing Qg3 onto the c1-h6 diagonal, but Be3 seems better than Bf2. Also, by having Kd1 he avoids ...Nc6xb4-c2+. }
18...Bg5 19. Nxc6 Bxe3 ( 19...Bxc6 20. Qd2 Bxe3 21. Qxe3 
{ and Black's initiative is dissipated }
 ) 20. Ne7+ Kh8 21. Qd3
{ But, now Black's really in a pickle: Be3 and Rc8 are both attacked. }
21...Bg5 ( 21...Rce8 22. Nf5 ) 22. Nxc8 Rxc8
{ This way Black is behind an exchange, but White's king is in the middle of the board and his rooks are nearly impossible to activate. Black has to do more than this though. He has to win to avoid the eventual loss which would occur when the rooks do become active. }
23. h6 gxh6 ( 23...Bxh6 24. Qxd6 Bg5 25. Kc2 ) 24. Kc2 d5 $4
{ Is this the only way to hope to activate Bb7 and force line openings to get at Kc2? }
 ( 24...Qf2+ 25. Be2 ( 25. Qe2 Rxc4+ 26. Kb3 Qb6+ 27. Kxc4 d5+ 
{ would worry even the bravest soul }
 ) ( 25. Kb3 Rc6 26. Rb1 Rb6+ 27. Ka3 Qc5+ ( 27...Bc1 $19 ) 28. b4 Bc1+ $19 ) 25...d5 26. exd5 Bxd5 ) 25. exd5 Bxd5 26. Qxd5 Rd8 27. Qc5
{ preventing ...Qg3-f2+, so that Black's queen can't join in the attack so quickly }
27...Rd2+ 28. Kb3
{ with the minor threat Qc5-f8# }
28...Kg7 29. a3
{ Anand isn't bashful about spending tempi to set up a safe place for his king. }
29...e4 30. Rh3 Qf4 31. fxe4
{ I suppose this might be an indicator that Shirov's 11...Qg6 was more dubious than good. These things are always easier to evaluate in hindsight. It also shows how dangerous either of these players can be, despite their inconsistency in this tournament. }
1-0

[Event "SuperGM"]
[Site "Linares ESP"]
[Date "2002.03.03"]
[Round "8"]
[White "Ivanchuk, Vassily"]
[Black "Ponomariov, Ruslan"]
[Result "1/2-1/2"]
[WhiteElo "2717"]
[BlackElo "2727"]
[Annotator "Hathaway, Mark"]

1. d4 d5
{ Ponomariov generally plays either the King's Indian Defense or the Queen's Gambit Accepted against 1. d4. }
2. Nf3 Nf6 3. c4 ( 3. Bf4 
{ I suppose one ideal set-up would have both c2-c4 and Bc1-f4, so that White could utilize the open c-file and try to invade at c7. }
 ) 3...dxc4
{ To transpose to a Queen's Gambit Accepted at this point has it's interesting points. For one White can't continue with an immediate e2-e4. Black also doesn't have to worry about the double attack which would result from the move-sequence 1. d4 d5 2. c4 dxc4 3. e3 a6 4. Bxc4 b5?? 5. Qf3 because there's a Nf3. }
4. Qa4+
{ Ivanchuk avoids complications stemming from 4. Nc3 a6 and just regains the pawn. He's also left Nb1, so as to not get in the way of his queen. If there's a Nc3 and Qc4 (after regaining the pawn) it can be awkward. }
 ( 4. Nc3 a6 ) 4...Nc6
{ Ponomariov is aiming for completely free and easy development with no pawn weaknesses. There is a similar variation in the Catalan opening, but in that one White gets in Nf3-e5xc6 to force tripled pawns on Black. Here White will have to develop solidly and yet threaten to meet such moves as ...e7-e5 with d4-d5 to cramp Black. The battle is on! }
5. Nc3 ( 5. Qxc4 Be6 ) 5...Nd5
{ This is sort of nifty. He's trying to get rid of a pair of minor pieces before White can utilize his extra central pawn to cramp him. }
6. Qxc4 Nb6
{ I don't understand. How could the knight be better on b6 than f6? Why not trade at c3? }
7. Qb3 ( 7. Qd3 ) 7...e5
{ Black isn't going to delay the development of his pieces! This takes unreal confidence or large doses of courage. }
 ( 7...Nxd4 8. Nxd4 Qxd4 9. Nb5 Qd8 10. Bf4 e5 ( 10...Nd5 $4 11. Qxd5 $18 ) 11. Bxe5 Be6 12. Qg3 Bb4+ 13. Bc3 Bxc3+ 14. Qxc3 O-O 15. Qxc7 Qh4 $13 ) 8. dxe5 ( 8. d5 $2 Nd4 ) 8...Be6 9. Qc2 Nd4 10. Qd3 Bc5
{ This makes ...Be6-c4 possible. }
11. e3 Nxf3+ ( 11...Bc4 $6 12. Qd1 Nxf3+ 13. Qxf3 
{ seems a little easier for White to manage }
 ) 12. gxf3 Qxd3 13. Bxd3 O-O-O 14. Be2 Bb4 15. Bd2 Na4
{ Quickly, before White can castle and bring rooks into play, the Nc3 and it's supporters (Bd2 and Pb2) are threatened. }
16. a3 Bxc3 17. Bxc3 Nxc3 18. bxc3 Rd5
{ Ponomariov's strategy for this game seems to be eXtreme piece activity with very few pawn moves, giving Ivanchuk no time to use his pawns or to build up any kind of pressure. At the first sign of that sort of thing Ponomariov has gone for exchanges. }
19. f4 Rc5 20. Rc1
{ Ivanchuk could continue, despite this not being his kind of position, but it would be difficult to achieve anything, even if White gave back the pawn. Black's piece activity and immediate threats to Pa3 & Pc3 makes it difficult for White to make even one free offensive move. These two creep forward and are tied with Anand for 2nd-4th, now one full point behind Kasparov (who beat Vallejo Pons this round) . }
 ( 20. Kd2 $2 Rd8+ 21. Kc2 Bf5+ 22. Kb3 Rd2 
{ and White's king might get checkmated! }
 ) 
1/2-1/2

[Event "SuperGM"]
[Site "Linares ESP"]
[Date "2002.03.03"]
[Round "8"]
[White "Kasparov, Garri"]
[Black "Vallejo Pons, Francisco"]
[Result "1-0"]
[WhiteElo "2838"]
[BlackElo "2629"]
[Annotator "Hathaway, Mark"]

1. e4 c5
{ I suppose it's ironic that Vallejo Pons should NOT play the Black side of a Spanish, Berlin Variation against Kasparov. Of all his opponents this one, who had such difficulty against that opening variation in his match with Kramnik, is the one he trusts will have something prepared, an improvement which might beat him. }
2. Nf3 e6 3. d4 cxd4 4. Nxd4 a6
{ Paulsen's idea was to delay committing pieces before limiting White's Nd4 and Bf1 and seeing how White develops his others. He would sometimes play ...d7-d6, Nb8-d7 and sometimes ...Qd8-c7 with ...Nb8-c6. More recently GM Taimanov of Russia has employed this kind of opening flexibility. The 4...a6 line carries Paulsen's name and 4...Nc6 carries Taimanov's name. }
5. c4
{ Though this is an acceptable move I'm surprised to see Kasparov use it. He's hard to predict. Sometimes it's clear he has an idea he wants to try, other times he just seems to be preventing his opponent from playing from his home preparations. This kind of improvisation can stymie the opponent or backfire. Which will it be this time? }
 ( 5. Bd3 ) 5...Nf6 6. Nc3 Qc7 $2
{ There are good normal-looking development moves and there are plausible normal-looking, but bad moves. This move seems aimed at developing ...Nb8-c6 without an exchange forcing him to recapture with a pawn at c6. But, that completely disregards White's bold c2-c4 and the clamp on d5. Moving Qd8 off the file makes ...d7-d5 impossible. Not pinning Nc3 leaves Pe4 completely safe. I'd say it's usually not so terrific to play a Hedgehog formation, but against Kasparov it has to be bad; but that's what Black has to do now. }
 ( 6...Bb4 
{ challenged for control of e4 and d5. Black might follow-up with ...Nb8-c6 and ...d7-d5. }
 ) 7. a3 $5
{ Kasparov emphasizes his bind on the center and leaves Black to find some other way to break it open. The bad side of this move isn't so obvious, but with experience in Maroczy Bind positions (such as this) the pawns are better at a2 & b2 or a2 & b3. Once there's a pawn at a3 the queen-side is weaker and Black will threaten Pc4 as much as he can. If then b2-b3 defends Pa3 will be weaker. }
7...b6 8. Be3
{ preparing to align Rc1 with Qc7 and aiming at Pb6 }
8...Bb7
{ With this it looks like Black is ready for ...d7-d5. }
9. f3
{ Kasparov leaves Bf1 at home for the moment. He doesn't want Bb7 to get a free shot at Pg2 if the lines should suddenly open. }
9...Nc6
{ After this it's difficult for Black to get ...d7-d5. }
 ( 9...d5 10. cxd5 exd5 11. Nxd5 Nxd5 12. exd5 Bxd5 13. Rc1 $14 ) 10. Be2 Rb8 11. b4
{ Though he's making a lot of pawn moves which Black should be able to counteract, he's playing to the idea which Black seems to be happy with, that there should be no quick break-out and Black should wait for a mistake or to find some weakness to counter-attack. But, Kasparov isn't going to give him anything once he gets developed; Black should fight back quicker, before White gets all his pieces active. }
11...Be7 ( 11...Ne5 12. Rc1 
{ and Pc4 is more or less poison }
 ) 12. O-O O-O 13. Rc1 Ne5 $2
{ too late to create a serious threat to Pc4, but it's provocative. If White continues with f3-f4 there will be more room for Black to play (Pe4 will be weaker for one thing) . }
 ( 13...d6 ) 14. f4 Ng6 ( 14...Nxc4 15. Bxc4 Qxc4 16. Ncb5 Qa2 17. Rf2 ) 15. Bd3 $16
{ but not without some chances for Black to counter-attack. These positions can be very difficult to convert to victory because so much of the board comes into play. }
15...Ba8 16. Qe2
{ I'm not sure why he doesn't commit to the direct e4-e5, but this move allows Rf1 to defend Rc1 and it takes aim at Pa6 as well as getting behind Pe4. }
 ( 16. e5 Qb7 17. Qe2 ) 16...Kh8 ( 16...d6 $4 17. f5 
{ The double attack on Pe6 and Ng6 when Pe6 can't be defended in one move forces a major weakness in black's pawn structure. }
 ) ( 16...Qb7 
{ doesn't really add pressure to Pe4 because White is defending with two minor pieces. }
 ) 17. e5 Ng8 18. Qh5
{ This clearly takes aim at Ph7 and applies extra pressure to Ng6. But, Qh5 needs a Rh3 if it's to break through, and Black controls f3, so Rf1-f3-h3 isn't yet possible. }
18...a5 $1
{ Here's where White transitions from a nice solid position to an offense, and it's where Black counter-attacks to poke holes and generally make a mess of the whole board, as a way of distracting Kasparov from Kh8. }
19. Ndb5 Qc6
{ not only threatens checkmate at g2, it stays in touch with Pc4 to keep White under some pressure }
 ( 19...Qb7 20. Be4 
{ is extremely awkward for Black's queen-side }
 ) 20. Rc2
{ Why is he ignoring this possibility to play Rf1-f3? }
 ( 20. Rf3 axb4 21. axb4 Bxb4 22. Ne4 ) 20...axb4 21. axb4 Bxb4 22. Ne4
{ It appears Kasparov is satisfied to keep Pc4 to restrain Pb6 (or Pd7) and Rc2 & Bd3 keep that structure solid. Meanwhile he'll swing several pieces to the king-side. }
22...f5 $1 23. Ng5 ( 23. exf6 Nxf6 24. Nxf6 Rxf6 
{ and amazingly Black's pieces come to life! }
 25. Kh1 
{ idea: ...Bb4-c5 Be3-c1-b2 }
 ( 25. Rf3 $2 Bc5 ) ) 23...Nh6 24. Kh1 Bc5 25. Bc1
{ White's pieces are well coordinated, but he's down a pawn. Black has kept his king safe, but his extra pawn is Pd7 -- backward as all can be! }
25...Qc8
{ So, he seeks an endgame where he might finally utilize the pawn. This plan isn't so easily realized. Kasparov won't allow a queen trade if he can avoid it. }
26. h3 Kg8 27. Kh2 Ne7 28. Nd6
{ prevents ...Qc8-e8 and the only way to continue the plan. The game continuation helps Bc1 become very active. }
28...Bxd6 29. exd6 Nc6 30. Bb2 Nb4 ( 30...Qe8 
{ The original idea to get rid of White's queen seems safest. }
 ) 31. Rd2 b5
{ This seems safe now, but several moves later when it's captured the position is drastically different. How can a position change so fast, so that this one minor element becomes huge? }
 ( 31...Nxd3 $2 
{ helps White's rook get to g3 where it could do some damage }
 32. Rxd3 Qe8 ( 32...Qxc4 $4 
{ gives Black a passed Pb6 and a queen which might harass Kh2. But, it is a change of direction he hadn't planned (remember the ...Qc8-e8xh5 plan) . }
 33. Rg3 Be4 $4 ( 33...Qxf1 $4 34. Nxe6 
{ gives White a lot of possibilities for offense. It may be winning. }
 ) 34. Nxe6 Qxe6 35. Rxg7+ Kh8 36. Rg6+ Qf6 37. Bxf6+ Rxf6 38. Rxf6 ) 33. Qe2 Nf7 34. Rg3 Nxg5 35. Rxg5 Rf7 36. Qe5 Qf8 37. Bd4 h6 38. Rg3 Bc6 39. Rb1 b5 40. cxb5 Be4 41. Rb2 
{ is somewhat similar to the game }
 ) 32. Rc1 Qe8 33. Qe2 Nxd3 34. Rxd3 Nf7
{ He has to do this to get rid of Ng5, so he can play ...Rf8-f7 to defend Pg7. He's lucky that Qe2-e5 is also prevented by Nf7. }
35. Rg3 Nxg5 36. Rxg5 Rf7 37. Qe5
{ Clearly White is in charge and has offensive threats on both Pg7 and Pb5, with Rc1-c7 in the offing. }
37...Qf8 38. cxb5 $18 h6 39. Rg3 Kh7 40. Bd4 Bd5 41. b6 Rf6 42. Rcc3 Rf7 43. Rc7 Be4 44. Rb3 Bd5 45. Rb5 Bb7
{ Black is just defending Pg7 and waiting. }
46. Ra5 Qd8 47. Ra7 Be4 48. Qxe6 ( 48. b7 $2 
{ blocks the cooperation of the two rooks }
 48...Qe8 49. Qc5 Rf8 50. Qc3 Qg6 ) ( 48. Qb5 $2 
{ gives up the checkmate threat when it's not absolutely necessary and it gives Black a move to counter-attack -- at the moment when White is most stretched between offense and defending Kh2. }
 48...Qh4 
{ desperate situations demand desperate measures }
 ( 48...Bc6 $4 49. Qxc6 dxc6 50. Rxf7 ) 49. Be3 ( 49. g3 $4 Qh5 50. Rxd7 Qd1 51. Bg1 Qd2+ $19 ) 49...Qe1 50. Rxd7 Qxe3 51. Rxf7 Qxf4+ 52. Kg1 Qe3+ 
{ and Black has counter-play }
 ) 48...Qh4 ( 48...dxe6 49. Rxf7 Rb7 50. Raxb7 Bxb7 51. Rxb7 $18 ) 49. Qxf7 Qxf4+ 50. Kg1
{ Black is down a rook and has no more checks. }
1-0